[Event "ch-UKR Women"]
[Site "ALushta UKR"]
[Date "2004.05.07"]
[Round "4"]
[White "Breslavska,G"]
[Black "Vozovic,O"]
[Result "0-1"]
[WhiteElo "2132"]
[BlackElo "2313"]

1.e4 d6 2.d4 Nf6 3.Nc3 c6 4.Nf3 g6 5.h3 Bg7 6.a4 O-O 7.Be2 Qc7 8.O-O a5 9.Re1 Na6
10.Bc4 e5 11.dxe5 dxe5 12.Be3 h6 13.Nd2 Kh7 14.Qb1 Nd7 15.Ne2 Ndc5 16.c3 Ne6
17.b4 axb4 18.cxb4 Qd6 19.Bxa6 Rxa6 20.Nc4 Qc7 21.a5 Nd4 22.Qb2 Be6 23.Nxd4 Bxc4
24.Nc2 f5 25.Bc5 Re8 26.Qc3 Qf7 27.f3 Raa8 28.Rad1 Ba6 29.Rd2 Bc4 30.Red1 Be6
31.Qe3 h5 32.Qc3 Qf6 33.Rd3 Qh4 34.Bf2 Qf6 35.Bc5 f4 36.Bd6 g5 37.Kf2 g4
38.hxg4 hxg4 39.Rh1+ Kg6 40.Na3 g3+ 41.Ke2 Rad8 42.Bc7 Rc8 43.Bb6 Rh8 44.Rg1 Qf7
45.Kd2 Bf6 46.Kc2 Rh2 47.Rd2 Rch8 48.Bc5 Rh1 49.Qa1 Ba2 50.Qb2 Be6 51.Qa1 Bb3+
52.Kb2 Rxg1 53.Qxg1 Rh2 54.Qc1 Be6 55.Qc2 Rh1 56.Rd1 Bb3 57.Qxb3 Qxb3+ 58.Kxb3 Rxd1
59.Nc4 Rd8 60.Bd6 Re8 61.Bc7 Re7 62.Bd6 Rh7 63.Bc5 Kf7 64.Nd6+ Ke6 65.Nxb7 Rxb7
66.a6 Rb8 67.a7 Ra8 68.Ka4 Be7 69.Bb6 Bd6 70.Ka5 Bb8 71.Ka6 Bxa7 72.Bxa7 Rh8
73.Kb6 Kd7  0-1

[Event "Capablanca Mem Elite"]
[Site "Havana CUB"]
[Date "2004.05.07"]
[Round "2"]
[White "Quezada,Y"]
[Black "Maiwald,JU"]
[Result "1-0"]
[WhiteElo "2478"]
[BlackElo "2543"]

1.e4 d6 2.d4 Nf6 3.Nc3 e5 4.Nf3 Nbd7 5.Bc4 Be7 6.O-O O-O 7.Re1 c6 8.a4 a5
9.b3 exd4 10.Nxd4 Nb6 11.Bf1 d5 12.e5 Ne4 13.Nxe4 dxe4 14.Bb2 f5 15.exf6 Bxf6
16.Rb1 Re8 17.g3 Nd5 18.Bg2 e3 19.f4 Kh8 20.Qh5 Re7 21.Rbd1 Qe8 22.Qxe8+ Rxe8
23.Bxd5 cxd5 24.Rd3 e2 25.Bc3 Bd7 26.Nb5 Bf5 27.Bxf6 Bxd3 28.cxd3 gxf6 29.Nc7 Rac8
30.Nxe8 Rxe8 31.Kf2 Rc8 32.Rxe2 Rc3 33.Re8+ Kg7 34.Re7+ Kg6 35.Rxb7 Rxd3
36.Ke2 Rc3 37.Kd2 d4 38.Rb5 h5 39.b4 axb4 40.Rxb4 Ra3 41.Rxd4 Ra2+ 42.Kc3 Rxh2
43.a5 Ra2 44.Kb4 Kf5 45.Rd3 Kg4 46.Ra3 Rb2+ 47.Kc5 Rb8 48.a6 f5 49.a7 Ra8
50.Kb6 Rh8 51.Kb7 Rh7+ 52.Kc6 Rh8 53.a8=Q Rxa8 54.Rxa8 Kxg3 55.Ra4  1-0

[Event "7th United Insurance"]
[Site "Dhaka BAN"]
[Date "2004.05.08"]
[Round "2"]
[White "Das,A"]
[Black "Islam,AP"]
[Result "1-0"]
[WhiteElo "2350"]
[BlackElo "2205"]

1.e4 d6 2.d4 Nf6 3.Nc3 e5 4.dxe5 dxe5 5.Qxd8+ Kxd8 6.Bc4 Be6 7.Bxe6 fxe6
8.f3 Bc5 9.Nh3 Nc6 10.Bd2 Ke7 11.Nf2 a6 12.Nd3 Bd6 13.Nd1 b5 14.Ne3 h6 15.c4 bxc4
16.Nxc4 Nd7 17.Rc1 Rhc8 18.Bc3 Rab8 19.a3 Rb3 20.Ke2 Nd4+ 21.Bxd4 exd4 22.Na5 Rb6
23.Nc6+ Kf6 24.f4 e5 25.fxe5+ Bxe5 26.b4 Re8 27.Ncxe5 Nxe5 28.Rxc7 Ng4 29.Kf3 Ne3
30.Rhc1 Rbe6 31.e5+ Kg6 32.Nf4+ Kf5 33.Nxe6 Rxe6 34.Rd7 Kxe5 35.Rc5+ Kf6
36.Rxd4 Nf1  1-0

[Event "7th United Insurance"]
[Site "Dhaka BAN"]
[Date "2004.05.08"]
[Round "2"]
[White "Saptarshi,R"]
[Black "Haque,R1"]
[Result "1-0"]
[WhiteElo "2356"]
[BlackElo "2181"]

1.e4 d6 2.d4 Nf6 3.Nc3 c6 4.Be3 Qa5 5.f3 e5 6.Qd2 b5 7.g4 Nbd7 8.g5 b4 9.Nce2 Nh5
10.f4 Nb6 11.b3 exf4 12.Nxf4 Qxg5 13.Nf3 Qa5 14.e5 Bg4 15.Qg2 Nxf4 16.Qxg4 Ne6
17.Bh3 Be7 18.Rg1 Qd5 19.Bg2 Qb5 20.Bh3 Nd5 21.Bd2 g6 22.Bf1 Qb7 23.Bc4 a5
24.h4  1-0

[Event "TCh-FRA Nat1 Final"]
[Site "Belfort FRA"]
[Date "2004.05.10"]
[Round "10"]
[White "Kovarcik,T"]
[Black "Mensch,E"]
[Result "0-1"]
[WhiteElo "2229"]
[BlackElo "2368"]

1.d4 d6 2.e4 Nf6 3.Nc3 Nbd7 4.Nf3 e5 5.Bc4 Be7 6.O-O O-O 7.Re1 c6 8.a4 b6
9.d5 cxd5 10.Nxd5 Bb7 11.b3 Rc8 12.Bb2 Nxd5 13.Bxd5 Bxd5 14.exd5 f5 15.c4 g5
16.Nd2 Bf6 17.f3 Nc5 18.Qc2 e4 19.Re2 Nd3 20.Bc3 Nf4 21.Ree1 Nxd5 22.Nb1 exf3
23.cxd5 Qc7 24.Rc1 Qc5+ 25.Kf1 Qxd5 26.b4 Rfe8 27.Qa2 fxg2+ 28.Qxg2 Qd3+
29.Kg1 Re2 30.Qg3 Bd4+  0-1

[Event "7th United Insurance"]
[Site "Dhaka BAN"]
[Date "2004.05.10"]
[Round "4"]
[White "Hamid,R"]
[Black "Haque,R1"]
[Result "0-1"]
[WhiteElo "2179"]
[BlackElo "2181"]

1.e4 d6 2.d4 Nf6 3.Nc3 c6 4.f4 Qa5 5.Bd3 e5 6.Nf3 Bg4 7.Be3 Nbd7 8.O-O Be7
9.h3 Bxf3 10.Qxf3 O-O 11.Ne2 c5 12.fxe5 dxe5 13.d5 b5 14.Ng3 c4 15.Nf5 Bd8
16.Be2 Bb6 17.Kh1 Bxe3 18.Qxe3 g6 19.Ne7+ Kg7 20.Nc6 Qb6 21.Qf3 h5 22.b3 cxb3
23.axb3 a5 24.c4 b4 25.Rac1 Ne8 26.Qg3 Nd6 27.Bf3 Qe3 28.Qh4 g5 29.Qe1 Qxe1
30.Rcxe1 Nc5 31.Nxe5 Nxb3 32.Bxh5 Nd2 33.c5 Nxf1 34.Rxf1 Nxe4 35.c6 Ng3+
36.Kg1 Nxf1 37.Kxf1 b3 38.Nc4 a4 39.d6 a3 40.Nd2 b2 41.c7 a2  0-1

[Event "Invitational"]
[Site "Santa Monica USA"]
[Date "2004.05.14"]
[Round "4"]
[White "Kraai,J"]
[Black "Young,A"]
[Result "1-0"]
[WhiteElo "2446"]
[BlackElo "2390"]

1.e4 d6 2.d4 Nf6 3.Nc3 c6 4.Nf3 Qa5 5.Bd3 e5 6.h3 Be7 7.O-O Nbd7 8.dxe5 dxe5
9.Ne2 Qc7 10.Ng3 O-O 11.c3 Nc5 12.Bc2 Rd8 13.Qe2 b6 14.b3 Ba6 15.c4 Ne6 16.Bb2 Nf4
17.Qe3 Ng6 18.Nf5 Bf8 19.Qg5 Re8 20.Rad1 Bc8 21.Rfe1 Nd7 22.Qg3 h6 23.N3h4 Kh7
24.Nxg6 fxg6 25.Nh4 Re6 26.Nf3 a5 27.Re2 Be7 28.a3 Ra7 29.Red2 Qb8 30.h4 Bf6
31.Qh3 Nf8 32.Ng5+ Bxg5 33.hxg5 h5 34.Rd8 Kg8 35.Qxe6+ Bxe6 36.Rxb8  1-0

[Event "Invitational"]
[Site "Santa Monica USA"]
[Date "2004.05.15"]
[Round "5"]
[White "Matikozian,A"]
[Black "Young,A"]
[Result "1-0"]
[WhiteElo "2467"]
[BlackElo "2390"]

1.e4 d6 2.d4 Nf6 3.Nc3 c6 4.Be3 Nbd7 5.Qd2 b5 6.f3 a6 7.O-O-O Qc7 8.g4 h6
9.h4 Nb6 10.Nh3 e5 11.g5 Nh5 12.Qf2 Rb8 13.f4 b4 14.Nb1 Bg4 15.Re1 Be6 16.Nd2 a5
17.b3 Bxh3 18.Rxh3 a4 19.fxe5 axb3 20.cxb3 dxe5 21.Nc4 Nf4 22.Rf3 hxg5 23.hxg5 Nxc4
24.Bxc4 f6 25.Rxf4 exf4 26.Bxf4 Qa7 27.Bxb8 Qxb8 28.e5 fxg5 29.Qf7+ Kd8 30.d5 Qc7
31.Qxc7+ Kxc7 32.d6+ Kd8 33.Rd1 g4 34.e6 Rh6 35.e7+ Bxe7 36.dxe7+ Kxe7 37.Rg1 Rg6
38.Be2 g3 39.Kd2 Kf6 40.Ke3 Ke5 41.Bf3 c5 42.Rc1 Kd6 43.Kf4 g2 44.Rg1 c4
45.Rxg2 Rxg2 46.Bxg2 c3 47.Ke3 g5 48.Bf3 Ke5 49.Bg4 Kd5 50.Kd3 Kc6 51.a3 bxa3
52.Kxc3 Kb5 53.Be2+ Ka5 54.b4+ Ka4 55.Bd1+ Kb5 56.Kb3 a2 57.Be2+  1-0

[Event "TCh-SCG"]
[Site "Petrovac SCG"]
[Date "2004.05.16"]
[Round "1"]
[White "Jovanovic,Zo1"]
[Black "Solak,D"]
[Result "0-1"]
[WhiteElo "2360"]
[BlackElo "2552"]

1.d4 d6 2.e4 Nf6 3.Nc3 e5 4.Nf3 Nbd7 5.Be2 Be7 6.O-O O-O 7.Re1 c6 8.Bf1 b5
9.a4 b4 10.Nb1 Qc7 11.Bg5 Re8 12.Nbd2 Nf8 13.h3 Ne6 14.Be3 Bf8 15.c3 Rb8
16.Qc2 bxc3 17.Qxc3 exd4 18.Bxd4 Nxd4 19.Nxd4 Bd7 20.Nc2 Re5 21.b4 d5 22.f4 Rxe4
23.Nxe4 Nxe4 24.Qf3 Bxb4 25.Nxb4 Rxb4 26.Bd3 Nf6 27.Re5 Be6 28.Qg3 Qb6+ 29.Kh2 Qd4
30.Rf1 h6 31.a5 Bd7 32.Rf3 Ra4 33.a6 Ra1 34.Rfe3 c5 35.Qf2 Ra4 36.Re7 Qxf4+
37.Qxf4 Rxf4 38.Rxd7 Nxd7 39.Re8+ Nf8 40.Ra8 Ra4 41.Rxa7 c4 42.Bc2 Ra2 43.Bd1 Ne6
44.Bf3 Nf4 45.Kg3 g5 46.Kg4 Nxg2 47.Ra8+ Kg7 48.a7 Ne3+ 49.Kh5 d4 50.h4 Rh2  0-1

[Event "TCh-SCG"]
[Site "Petrovac SCG"]
[Date "2004.05.17"]
[Round "2"]
[White "Popovic,Du"]
[Black "Pikula,D"]
[Result "1/2-1/2"]
[WhiteElo "2445"]
[BlackElo "2523"]

1.e4 d6 2.d4 Nf6 3.Nc3 e5 4.Nf3 Nbd7 5.g4 h6 6.g5 Ng8 7.Bc4 c6 8.dxe5 b5
9.Bb3 Nc5 10.exd6 Qxd6 11.Qxd6 Bxd6 12.Be3 Nxb3 13.axb3 hxg5 14.Nxg5 f6 15.Nf3 Rh3
16.O-O-O Bc7 17.Nd4 Ne7 18.Nce2 Kf7 19.f3 g5 20.Bf2 Bxh2 21.Bg3 Bxg3 22.Rxh3 Bxh3
23.Nxg3 Kg6 24.b4 a5 25.bxa5 Rxa5 26.Nb3 Ra7 27.Rd6 Rd7 28.Rxd7 Bxd7  1/2-1/2

[Event "Victor Syre Open"]
[Site "Issy les Moulineaux FRA"]
[Date "2004.05.21"]
[Round "3"]
[White "Sanchez,Lo"]
[Black "Belkhodja,S"]
[Result "0-1"]
[WhiteElo "2235"]
[BlackElo "2449"]

1.e4 d6 2.d4 Nf6 3.Nc3 Nbd7 4.Nf3 e5 5.Bc4 Be7 6.O-O O-O 7.Re1 a6 8.a4 b6
9.b3 Bb7 10.Bb2 c6 11.d5 Qc7 12.Re2 b5 13.axb5 cxb5 14.Bd3 Nh5 15.Re1 Nf4
16.Bf1 f5 17.g3 b4 18.gxf4 bxc3 19.Bc1 fxe4 20.Ng5 Bxg5 21.fxg5 Nb6 22.Be3 Kh8
23.Bxb6 Qxb6 24.Re3 Rxf2 25.Kxf2 Rf8+ 26.Ke2 Qb5+ 27.Rd3 a5  0-1

[Event "22nd LIE-Open"]
[Site "Triesen LIE"]
[Date "2004.05.21"]
[Round "8"]
[White "Bosiocic,Mari"]
[Black "Pribyl,Jo"]
[Result "0-1"]
[WhiteElo "2285"]
[BlackElo "2384"]

1.e4 d6 2.d4 Nf6 3.Nc3 e5 4.Nf3 Nbd7 5.Bc4 Be7 6.O-O O-O 7.h3 c6 8.a4 b6
9.Be3 a6 10.d5 c5 11.Nd2 Ne8 12.Bd3 Bg5 13.Qe2 g6 14.g3 Bxe3 15.fxe3 Ndf6
16.Kh2 h5 17.Nf3 Kg7 18.Nh4 Nh7 19.Nf3 Nc7 20.Qg2 Bd7 21.Ne2 b5 22.axb5 axb5
23.c3 Ra6 24.Neg1 Qa8 25.Rxa6 Qxa6 26.Nh4 Qa2 27.Ngf3 c4 28.Bb1 Qa7 29.Qf2 Ne8
30.Bc2 Bc8 31.Ng1 Nef6 32.Ngf3 Ng8 33.Ng1 Nh6 34.Bd1 Qe7 35.Bf3 Ng5 36.Bg2 Bb7
37.Ra1 Ra8 38.Qf1 Qd8 39.Rxa8 Qxa8 40.Qb1 Qa7 41.b3 cxb3 42.Qxb3 Qc5 43.Qb4 Ng8
44.Qxc5 dxc5 45.Nhf3 Nxe4 46.Nxe5 Bxd5 47.Ne2 Ngf6 48.g4 hxg4 49.hxg4 g5
50.Bf3 Kf8 51.Ng3 Nxc3  0-1

[Event "5th IECC"]
[Site "Antalya TUR"]
[Date "2004.05.22"]
[Round "7"]
[White "Erturan,Y"]
[Black "Klinova,M"]
[Result "1/2-1/2"]
[WhiteElo "2273"]
[BlackElo "2436"]

1.e4 d6 2.d4 Nf6 3.Nc3 c6 4.f4 Qa5 5.Bd3 e5 6.Nf3 Nbd7 7.O-O Be7 8.Kh1 O-O
9.Qe1 Re8 10.Be3 exd4 11.Nxd4 Nc5 12.Nb3 Nxd3 13.cxd3 Qh5 14.Ne2 Qb5 15.Qd2 c5
16.f5 b6 17.Nc3 Qd7 18.Bg5 Bb7 19.Qf4 Bd8 20.Rae1 h6 21.Bh4 Nh7 22.d4 Bxh4
23.Qxh4 Qe7 24.Qg3 Rad8 25.e5 Qg5 26.exd6 Rxe1 27.Rxe1 Qxg3 28.hxg3 cxd4
29.Nxd4 Rxd6 30.Re8+ Nf8 31.Nd5 Rxd5 32.Rb8 Ba6 33.a4 Bb5 34.Nxb5 a5 35.g4 h5
36.gxh5 Rxf5 37.Rxb6 Rxh5+ 38.Kg1 Rh4 39.Nc3 Rh5 40.Ra6 Ne6 41.Nb5 Nc5 42.Ra8+ Kh7
43.Rxa5 Nxa4 44.b4 Nb6 45.Nd6 Rh4 46.Rb5 Nc4 47.Nxf7 Rd4 48.Rb7 Rd2 49.Ng5+ Kg6
50.Nf3 Rb2 51.Kh2 Ne3 52.Nh4+ Kf6 53.Rb6+ Kf7 54.Rb5 g5 55.Rxg5 Rxb4  1/2-1/2

[Event "FIDE WCh Women KO"]
[Site "Elista RUS"]
[Date "2004.05.22"]
[Round "1.1"]
[White "Galliamova,A"]
[Black "Khaziyeva,D"]
[Result "1-0"]
[WhiteElo "2502"]
[BlackElo "2110"]

1.e4 d6 2.d4 Nf6 3.Nc3 Nbd7 4.Nf3 e5 5.Bc4 Be7 6.O-O O-O 7.a4 c6 8.a5 Qc7
9.Re1 Rb8 10.h3 b5 11.axb6 axb6 12.b3 b5 13.Bf1 Re8 14.Bb2 Bf8 15.Bd3 Bb7
16.b4 exd4 17.Nxd4 Ne5 18.Nf5 Nc4 19.Bxc4 bxc4 20.Qd4 d5 21.e5 Nd7 22.Na4 c5
23.bxc5 Bxc5 24.Qg4 g6 25.e6 Rxe6 26.Rxe6 fxe6 27.Nh6+ Kf8 28.Qxe6 Qf4 29.Nxc5 Nxc5
30.Ba3 Rc8 31.Qg8+ Ke7 32.Qxh7+ Ke6 33.Re1+ Ne4 34.Qe7+  1-0

[Event "4NCL"]
[Site "West Bromwich ENG"]
[Date "2004.05.23"]
[Round "11"]
[White "Cooper,D"]
[Black "Purton,B"]
[Result "1/2-1/2"]
[WhiteElo "2050"]
[BlackElo "2121"]

1.e4 d6 2.d4 Nf6 3.Nc3 c6 4.h3 Nbd7 5.Nf3 e5 6.a4 Be7 7.Be2 O-O 8.O-O Re8
9.Re1 Qc7 10.Bf1 Bf8 11.g3 exd4 12.Nxd4 Nc5 13.Bg2 Ne6 14.Be3 Nd7 15.Nxe6 fxe6
16.Qe2 e5 17.Qc4+ Kh8  1/2-1/2

[Event "4NCL"]
[Site "West Bromwich ENG"]
[Date "2004.05.23"]
[Round "11"]
[White "Chandler,M"]
[Black "Collinson,A"]
[Result "1-0"]
[WhiteElo "2508"]
[BlackElo "2391"]

1.e4 d6 2.d4 Nf6 3.Nc3 e5 4.Nf3 Nbd7 5.Bc4 Be7 6.O-O O-O 7.a4 c6 8.Ba2 b6
9.h3 a6 10.Be3 Rb8 11.Nd2 b5 12.axb5 axb5 13.Ne2 c5 14.dxc5 Nxc5 15.Ng3 g6
16.Qf3 Be6 17.Bh6 Re8 18.Bxe6 Nxe6 19.Rfd1 Nd4 20.Qd3 Qc7 21.c3 Ne6 22.Ndf1 Nf4
23.Qf3 N6h5 24.Ne3 Qb7 25.Nxh5 Nxh5 26.Nd5 Ra8 27.g4 Ng7 28.Nf6+ Bxf6 29.Qxf6 Ne6
30.Rxa8 Rxa8 31.Rxd6 Qxe4 32.Rxe6 Ra1+ 33.Kh2 Rh1+ 34.Kg3 Qd3+ 35.f3 Rxh3+
36.Kxh3 Qf1+ 37.Kh4 Qf2+ 38.Kg5 Qd2+ 39.f4  1-0

[Event "5th IECC"]
[Site "Antalya TUR"]
[Date "2004.05.24"]
[Round "9"]
[White "Milov,V"]
[Black "Guseinov,G"]
[Result "1/2-1/2"]
[WhiteElo "2680"]
[BlackElo "2548"]

1.d4 d6 2.e4 Nf6 3.Nc3 e5 4.dxe5 dxe5 5.Qxd8+ Kxd8 6.Bg5 c6 7.O-O-O+ Nd7
8.Nf3 Ke8 9.Nd2 Nb6 10.f3 Be6 11.Nb3 a5 12.Kb1 Nfd7 13.a3 f6 14.Bh4 Nc5 15.Bf2 Ncd7
16.g3 a4 17.Nc1 Bc5 18.Bxc5 Nxc5 19.Nd3 Nxd3 20.Bxd3 Ke7  1/2-1/2

[Event "TCh-BIH"]
[Site "Neum BIH"]
[Date "2004.05.29"]
[Round "1"]
[White "Rade,M"]
[Black "Bosnjak,D"]
[Result "1/2-1/2"]
[WhiteElo "2403"]
[BlackElo "2326"]

1.e4 d6 2.d4 Nf6 3.Nc3 e5 4.Nf3 Nbd7 5.Bc4 h6 6.O-O Be7 7.Re1 O-O 8.h3 c6
9.a4 Re8 10.b3 Bf8 11.Bb2 exd4 12.Qxd4 Ne5 13.Be2 Ng6 14.Bf1 Be6 15.Nd2 d5
16.exd5 Nxd5 17.Nxd5 Qxd5 18.Bc4 Qxd4 19.Bxd4 Rad8 20.Re4 Bb4 21.c3 Rxd4
22.cxd4 Bxd2 23.Rd1 Bg5 24.g3 Bd7 25.Rxe8+ Bxe8 26.f4 Bf6 27.d5 cxd5 28.Bxd5 b6
29.Kg2 Ne7 30.Be4 Nc6 31.Rc1 Nd8 32.Rc7 a5 33.Bd5 Kf8 34.Kf3 Be7 35.Rc8 Bd7
36.Rb8 Bxh3 37.Rxb6 Bb4 38.Ra6 Be6 39.Ke4 Bxd5+ 40.Kxd5 Ne6 41.Ra7 g6 42.Rb7 h5
43.Ke5 Bc3+ 44.Kd6 Bb4+ 45.Ke5 Bc3+ 46.Kd6 Bb4+ 47.Ke5  1/2-1/2

[Event "I Andbanc Quad"]
[Site "Andorra la Vella AND"]
[Date "2004.05.30"]
[Round "3"]
[White "Argandona Rivero,I"]
[Black "Magem Badals,J"]
[Result "1-0"]
[WhiteElo "2346"]
[BlackElo "2504"]

1.d4 d6 2.e4 Nf6 3.Nc3 Nbd7 4.Nf3 e5 5.Bc4 Be7 6.dxe5 dxe5 7.Ng5 O-O 8.Bxf7+ Rxf7
9.Ne6 Qe8 10.Nxc7 Qd8 11.Nxa8 b6 12.Be3 Ba6 13.Nxb6 axb6 14.a3 Kh8 15.f3 Qc7
16.Qd2 Rf8 17.g4 Bc4 18.h4 Ne8 19.O-O-O Nc5 20.Nd5 Nb3+ 21.cxb3 Bxd5+ 22.Qc2 Bc6
23.Rd3 Qb7 24.Rc3 Bd7 25.Bf2 Bd6 26.Rd1 Be6 27.Bg3 b5 28.b4 Rf7 29.Qh2 Qb8
30.Kb1 Bc4 31.b3 Be6 32.Qb2 Qa8 33.Rcd3 Rd7 34.Bxe5 Bxe5 35.Qxe5 Rxd3 36.Rxd3 Bg8
37.g5 Qc6 38.h5 h6 39.gxh6 Bf7 40.hxg7+ Kh7 41.Rc3 Qb6 42.Qf5+ Kxg7 43.Qg5+ Kh7
44.Rc5 Qd6 45.Qf5+ Kg8 46.Rd5 Bxd5 47.Qxd5+ Qxd5 48.exd5 Nf6 49.d6 Kf7 50.h6 Kg6
51.a4 Kxh6 52.a5 Kg6 53.a6 Nd7 54.a7 Nb6 55.d7  1-0

[Event "TCh-BIH"]
[Site "Neum BIH"]
[Date "2004.05.30"]
[Round "2"]
[White "Plakalovic,P"]
[Black "Bosnjak,D"]
[Result "0-1"]
[WhiteElo "2182"]
[BlackElo "2326"]

1.e4 d6 2.d4 Nf6 3.Nc3 e5 4.dxe5 dxe5 5.Qxd8+ Kxd8 6.Bc4 Be6 7.Bxe6 fxe6
8.Nf3 Bd6 9.Be3 Nbd7 10.O-O-O a6 11.Rd2 b5 12.a3 Ke7 13.Rhd1 Rhb8 14.Ne1 Nb6
15.Bxb6 Rxb6 16.Nd3 Nd7 17.g3 Rf8 18.f4 exf4 19.gxf4 Rxf4 20.Re2 Rh4 21.e5 Bc5
22.Ne4 Rc6 23.Rf1 Bb6 24.Nb4 Rc4 25.Nd2 Rcf4 26.Nc6+ Ke8 27.Rd1 Rf2 28.Rxf2 Bxf2
29.Kb1 Rxh2 30.Ne4 Be3 31.Re1 Bf4 32.Nd4 Rh6 33.Nf3 Nxe5 34.Nxe5 Bxe5 35.Nc5 Bg3
36.Re2 e5 37.Rg2 Rg6 38.Nxa6 Rxa6 39.Rxg3 Kf7 40.Rc3 c6 41.Rc5 Ke6 42.c4 Kd6
43.b4 bxc4 44.Kb2 h5 45.Rxc4 g5 46.Rc1 Ra8 47.Rd1+ Ke6 48.Rc1 Kd6 49.Rd1+ Kc7
50.Rc1 Kb7 51.Rf1 g4 52.Rf7+ Kb6 53.Rh7 Rg8 54.Rxh5 g3 55.Rh1 g2 56.Rg1 Kb5
57.Kc2 Rg3 58.Kb2 Ka4  0-1

[Event "Open"]
[Site "Nis SCG"]
[Date "2004.05.30"]
[Round "3"]
[White "Kraguljac,P"]
[Black "Kostic,Ne"]
[Result "0-1"]
[WhiteElo "2178"]
[BlackElo "2349"]

1.e4 d6 2.d4 Nf6 3.Nc3 c6 4.Be2 Qa5 5.Nf3 Nxe4 6.Bd2 Nxd2 7.Nxd2 d5 8.O-O Bf5
9.Bg4 Bxg4 10.Qxg4 Nd7 11.Rfe1 Nf6 12.Qf4 e6 13.Nb3 Qd8 14.Rad1 Bd6 15.Qf3 O-O
16.Nc5 Qb6 17.N3a4 Qc7 18.h3 b6 19.Nd3 c5 20.Nc3 a6 21.dxc5 bxc5 22.Nc1 Rab8
23.b3 Rfc8 24.Na4 Re8 25.c3 e5 26.Rxd5 e4 27.Qd1 Nxd5 28.Qxd5 Re5 29.Qc4 Qc6
30.Ne2 Rbe8 31.Nb2 e3 32.f3 Rg5 33.Rf1 Re6 34.Nd4 Reg6 35.g4 Qe8 36.Ne2 Qe5
37.f4 Rxg4+ 38.hxg4 Rxg4+ 39.Ng3 Qe7 40.Rf3 e2 41.Nd3 e1=Q+ 42.Nxe1 Qxe1+
43.Kg2 Bxf4 44.Qxf4 Rxf4 45.Rxf4 Qxc3 46.Ra4 Qd3 47.Kf2 g6 48.Ne2 h5 49.Nf4 Qf5
50.Kg2 Qg4+ 51.Kf2 g5 52.Ne2 Qf5+ 53.Kg2 Qc2 54.Kf3 f5 55.Rc4 Qd3+ 56.Kf2 Qd5
57.Ng1 g4 58.Ne2 h4 59.Rf4 Kg7 60.a3 Kf6 61.Ra4 Qd6  0-1

[Event "Memorial Day Classic"]
[Site "Glendale USA"]
[Date "2004.05.31"]
[Round "6"]
[White "Peters,Joh"]
[Black "Manukian,L"]
[Result "1/2-1/2"]
[WhiteElo "2422"]
[BlackElo "2261"]

1.e4 d6 2.d4 Nf6 3.Nc3 Nbd7 4.Nf3 e5 5.Bc4 Be7 6.O-O O-O 7.Re1 c6 8.a4 Qc7
9.Ba2 Ne8 10.Ne2 g6 11.Bh6 Ng7 12.Ng3 Nf6 13.h3 Kh8 14.Bd2 Ng8 15.dxe5 dxe5
16.Ng5 Bxg5 17.Bxg5 Be6 18.Bxe6 Nxe6 19.Be3 Rad8 20.Qe2 b6 21.Qc4 Rd7 22.Ne2 Kg7
23.Nc1 Rfd8 24.Nd3 Ne7 25.a5 Nd4 26.f4 f6 27.fxe5 fxe5 28.Rf1 Ng8 29.axb6 axb6
30.Nb4 Rc8 31.Ra6 b5 32.Qa2 Qd6 33.c3 Ne2+ 34.Kh2 Nf6 35.Re1 Qe7 36.Bf2 Rd2
37.Ra7 Rc7 38.Nxc6 Rxa7 39.Qxa7 Qxa7 40.Bxa7 Rxb2 41.Nxe5 Nxe4 42.c4 bxc4
43.Nxc4  1/2-1/2

[Event "FIDE WCh Women KO"]
[Site "Elista RUS"]
[Date "2004.06.01"]
[Round "5.3"]
[White "Kovalevskaya,E"]
[Black "Koneru,H"]
[Result "1-0"]
[WhiteElo "2467"]
[BlackElo "2513"]

1.e4 d6 2.d4 Nf6 3.Nc3 c6 4.Bg5 Nbd7 5.f4 Qa5 6.Qd2 e5 7.Nf3 Be7 8.dxe5 dxe5
9.Bd3 O-O 10.O-O Bc5+ 11.Kh1 Ng4 12.f5 f6 13.Bh4 b5 14.a3 Qc7 15.Nd1 Rd8
16.h3 Nh6 17.g4 Nf7 18.a4 Be7 19.g5 fxg5 20.Nxg5 Nxg5 21.Bxg5 Nc5 22.Nf2 Nxd3
23.cxd3 Rd6 24.Rg1 Bf8 25.Ng4 Bb7 26.Qe2 c5 27.Bf6 c4 28.Bxe5 cxd3 29.Bxd6 Qxd6
30.Qe3 Kh8 31.Nf2 Qe5 32.Qg3 Qxf5 33.Rg2 Qd7 34.Rd1 d2 35.Qe3 Rd8 36.axb5 Bb4
37.Qe2 Qd4 38.b3 Rc8 39.Rg3 Rc1 40.Rgg1 Rc3 41.Rxd2 Rxh3+ 42.Nxh3 Bxe4+ 43.Kh2 Bxd2
44.Rg3 Bb4 45.Nf2 Bg6 46.Qe3 Qh4+ 47.Kg2 Bd6 48.Rh3 Qf6 49.Qf3 Qd8 50.Qd5 h6
51.Re3 Qf8 52.Re6 Bc5 53.Qf3 Qxf3+ 54.Kxf3 Bf7 55.Re5 Bd4 56.Re7 Bxb3 57.Ne4 Bc4
58.Nd6 Bd5+ 59.Kf4 Kh7 60.Nf5 Bf6 61.Rxa7 h5 62.b6 h4 63.Rd7 Bc6 64.Rc7 Bd5
65.b7 Bxb7 66.Rxb7 Kg6 67.Kg4 h3 68.Nh4+  1-0

[Event "3rd ACP Blitz Prelim2"]
[Site "playchess.com INT"]
[Date "2004.06.01"]
[Round "2"]
[White "Deviatkin,A"]
[Black "Shomoev,A"]
[Result "1/2-1/2"]
[WhiteElo "2502"]
[BlackElo "2487"]

1.e4 d6 2.d4 Nf6 3.Nc3 Nbd7 4.g4 e5 5.g5 Ng8 6.Nge2 h6 7.Be3 hxg5 8.Qd2 Be7
9.O-O-O c6 10.Ng3 Nh6 11.dxe5 Nxe5 12.f4 gxf4 13.Bxf4 Be6 14.Kb1 Qa5 15.a3 O-O-O
16.Nd5 Qxd2 17.Nxe7+ Kd7 18.Rxd2 Kxe7 19.Be2 f6 20.h4 Nhg4 21.h5 g6 22.hxg6 Rxh1+
23.Nxh1 Nxg6 24.Bg3 N6e5 25.Nf2 Nxf2 26.Bxf2 b6 27.b3 Rh8 28.Bg3 Rh3 29.Bf2 Rh2
30.Be3 Bg4 31.Bd3 Rxd2 32.Bxd2 Bf3 33.Kb2 Nf7 34.Kc3 Ng5 35.Kd4 c5+ 36.Ke3 Bg2
37.b4 Ne6 38.c3 Ng5 39.Be1 Nf7 40.Bg3 Ne5 41.Be2 Bh3 42.Bh4 Be6 43.Bg3 Kf7
44.Bf4 Kg6 45.Bh2 Bd7 46.Bf4 Bc6 47.Bg3 Kf7 48.Bf4 Ke7 49.Bg3 Nf7 50.Bf4 Ng5
51.Bd3 Ke6 52.Bg3 Ke7 53.Bf4 Kd7 54.Bg3 c4 55.Bxc4 Nxe4 56.Be1 d5 57.Bd3 Nd6
58.Kd4 Ke6 59.Ke3 Bb5 60.Bh7 Nc4+ 61.Kd4 Nxa3 62.Bg8+ Ke7 63.Bg3 Bc4 64.Bb8 Nb5+
65.Ke3 Nxc3 66.Bxa7 Na4 67.Kd4 b5 68.Bxd5 Bxd5 69.Kxd5 Kf7 70.Kc6 Nc3 71.Bd4 Na2
72.Kxb5 Ke6 73.Kc4 f5 74.b5 Kd7 75.Kd5 Kc7 76.Ke5 Kb7 77.Kxf5 Nb4 78.Ke6 Nc6
79.Bc3 Na7 80.b6 Kxb6 81.Bd4+ Kb7 82.Bxa7  1/2-1/2

[Event "TCh-BIH"]
[Site "Neum BIH"]
[Date "2004.06.02"]
[Round "5"]
[White "Prelevic,D"]
[Black "Sekulic,V"]
[Result "1-0"]
[WhiteElo "2328"]
[BlackElo "2295"]

1.e4 d6 2.d4 Nf6 3.Nc3 Nbd7 4.Nf3 e5 5.Bc4 Be7 6.O-O O-O 7.Re1 c6 8.a4 b6
9.h3 a6 10.Bg5 Bb7 11.Ba2 b5 12.Qd2 b4 13.Nd1 c5 14.d5 Re8 15.Qd3 Nf8 16.Bc4 Bc8
17.a5 Ng6 18.c3 Nh5 19.Bd2 Nhf4 20.Qc2 Rb8 21.cxb4 cxb4 22.Bf1 b3 23.Qc6 Bb7
24.Qa4 Nf8 25.g3 N4g6 26.Qxb3 Nd7 27.Qa2 Bf6  1-0

[Event "3rd ACP Blitz Prelim3"]
[Site "playchess.com INT"]
[Date "2004.06.02"]
[Round "19"]
[White "Fontaine,R"]
[Black "Bauer,Ch"]
[Result "0-1"]
[WhiteElo "2525"]
[BlackElo "2595"]

1.e4 d6 2.d4 Nf6 3.Nc3 Nbd7 4.Nf3 e5 5.Be2 Be7 6.O-O c6 7.a4 O-O 8.Re1 b6
9.b3 a6 10.Ba3 Re8 11.dxe5 dxe5 12.Bxe7 Qxe7 13.Qd2 Nc5 14.Bd3 Bg4 15.Qe3 Bxf3
16.Qxf3 Ne6 17.Ne2 b5 18.axb5 axb5 19.h3 g6 20.Qe3 Qc5 21.Red1 Qxe3 22.fxe3 Nc5
23.Ng3 h5 24.b4 h4 25.Nf1 Ncxe4 26.c4 Nc3 27.Rxa8 Rxa8 28.Rc1 Ra3 29.cxb5 cxb5
30.Rc2 Nfd5 31.Kf2 Nxb4 32.Rd2 Nxd3+ 33.Rxd3 Ne4+ 34.Ke2 Ng3+ 35.Nxg3 Rxd3
36.Kxd3 hxg3 37.Kc3 f5 38.Kb4 f4 39.exf4 exf4 40.Kxb5 f3  0-1

[Event "TCh-BIH"]
[Site "Neum BIH"]
[Date "2004.06.04"]
[Round "7"]
[White "Milosevic,G"]
[Black "Bosnjak,D"]
[Result "1-0"]
[WhiteElo "2385"]
[BlackElo "2326"]

1.e4 d6 2.d4 Nf6 3.Nc3 e5 4.Nf3 Nbd7 5.Bc4 h6 6.a4 Be7 7.a5 O-O 8.O-O Re8
9.Re1 Bf8 10.a6 bxa6 11.Bxa6 Bxa6 12.Rxa6 exd4 13.Qxd4 Nc5 14.Ra1 a5 15.Bf4 Qb8
16.b3 Ne6 17.Qd2 Nxf4 18.Qxf4 Qb4 19.Qd2 Nxe4 20.Rxe4 Rxe4 21.Ra4 Re6 22.Rxb4 axb4
23.Na4 c5 24.g3 Rae8 25.Nb6 d5 26.Na4 d4 27.Qd3 g6 28.Qb5 Rd8 29.Nb2 Ra8
30.Nd3 Rae8 31.Nxc5 Re5 32.Kg2 Bd6 33.Nxe5 Rxe5 34.Qb6  1-0

[Event "3rd ACP Blitz Prelim5"]
[Site "playchess.com INT"]
[Date "2004.06.04"]
[Round "1"]
[White "Potkin,V"]
[Black "Gallegos,Ca"]
[Result "1-0"]
[WhiteElo "2540"]
[BlackElo "2452"]

1.e4 d6 2.d4 Nf6 3.Nc3 c6 4.Nf3 Qa5 5.Bd3 e5 6.O-O Be7 7.a4 O-O 8.h3 Nbd7
9.Re1 Re8 10.Bc4 h6 11.Bd2 Qc7 12.a5 Rb8 13.Qb1 b5 14.axb6 axb6 15.Qa2 Rf8
16.b4 b5 17.Bb3 Bb7 18.Be3 Ra8 19.Qb2 Rxa1 20.Rxa1 Nb6 21.dxe5 dxe5 22.Bxb6 Qxb6
23.Nxe5 Qd4 24.Na4 Qxe4 25.Nc5 Bxc5 26.bxc5 Nd5 27.Bxd5 Qxd5 28.Nd3 Bc8 29.Qe5 Be6
30.Qxd5 Bxd5 31.Nb4 Rd8 32.f3 Kf8 33.Ra7 Bc4 34.Nxc6 Rc8 35.Ne5 Be6 36.c6 f6
37.Ng6+  1-0

[Event "3rd ACP Blitz Prelim5"]
[Site "playchess.com INT"]
[Date "2004.06.04"]
[Round "7"]
[White "Glek,I"]
[Black "Gallegos,Ca"]
[Result "1-0"]
[WhiteElo "2571"]
[BlackElo "2452"]

1.e4 d6 2.d4 Nf6 3.Nc3 c6 4.f4 Qa5 5.Bd3 e5 6.Nf3 Nbd7 7.O-O Be7 8.Kh1 O-O
9.Qe1 Qb6 10.dxe5 dxe5 11.fxe5 Ng4 12.Qg3 Nc5 13.h3 Nxd3 14.cxd3 Ne3 15.Bxe3 Qxe3
16.d4 Bb4 17.Rfe1 Qd3 18.Rad1 Qa6 19.d5 Bxc3 20.bxc3 Qxa2 21.d6 Be6 22.Nd4 Qc4
23.Nf5 Bxf5 24.exf5 Rad8 25.f6 g6 26.Qg5 Kh8 27.Qh6 Rg8 28.Rd4  1-0